| Tag |
First Indicator |
Second Indicator |
Subfields |
| LEADER |
00000cam a2200000 i 4500 |
| 001 |
in00004149727 |
| 005 |
20211120105243.0 |
| 006 |
m o d f |
| 007 |
cr ||||||||||| |
| 008 |
200508s2019 dcu oz f000 0 eng c |
| 035 |
|
|
|a (OCoLC)on1153599487
|
| 040 |
|
|
|a GPO
|b eng
|e rda
|e pn
|c GPO
|d MvI
|d UtOrBLW
|
| 042 |
|
|
|a pcc
|
| 043 |
|
|
|a n-us---
|a a-ko---
|
| 049 |
|
|
|a WWW
|
| 074 |
|
|
|a 0899-A-01 (online)
|
| 086 |
0 |
|
|a S 9.10:19-1226
|
| 130 |
0 |
|
|a Agreement Relating to Scientific and Technical Cooperation between the Government of the United States of America and the Government of the Republic of Korea
|d (1999 July 2).
|k Protocols, etc.
|d (2019 December 5)
|0 http://id.loc.gov/authorities/names/no2020059316
|
| 245 |
1 |
0 |
|a Scientific and technical cooperation :
|b agreement between the United States of America and the Republic of Korea extending the agreement of July 2, 1999, as extended, effected by exchange of notes at Washington, December 5 and 26, 2019; entered into force December 26, 2019, with effect from July 2, 2019.
|
| 246 |
3 |
0 |
|a Agreement between the United States of America and the Republic of Korea extending the agreement of July 2, 1999, as extended, effected by exchange of notes at Washington, December 5 and 26, 2019; entered into force December 26, 2019, with effect from July 2, 2019
|
| 264 |
|
1 |
|a [Washington, D.C.] :
|b United States Department of State,
|c [2019?]
|
| 300 |
|
|
|a 1 online resource (5 unnumbered pages).
|
| 336 |
|
|
|a text
|b txt
|2 rdacontent
|
| 337 |
|
|
|a computer
|b c
|2 rdamedia
|
| 338 |
|
|
|a online resource
|b cr
|2 rdacarrier
|
| 490 |
1 |
|
|a Treaties and other international acts series ;
|v 19-1226
|
| 588 |
|
|
|a Description based on online resource; title from PDF title screen (U.S. Department of State web site, viewed on May 8, 2020).
|
| 650 |
|
0 |
|a Research
|x Law and legislation
|z Korea (South)
|
| 650 |
|
0 |
|a Research
|x Law and legislation
|z United States.
|0 http://id.loc.gov/authorities/subjects/sh2010110866
|
| 650 |
|
0 |
|a Communication of technical information
|z Korea (South)
|
| 650 |
|
0 |
|a Communication of technical information
|z United States.
|
| 655 |
|
7 |
|a Treaties.
|2 lcgft
|0 http://id.loc.gov/authorities/genreForms/gf2011026707
|
| 710 |
1 |
|
|a United States.
|b Department of State,
|e issuing body.
|0 http://id.loc.gov/authorities/names/n80126198
|
| 710 |
1 |
|
|a Korea (South),
|e participant in treaty.
|0 http://id.loc.gov/authorities/names/n79126802
|
| 710 |
1 |
|
|a United States,
|e participant in treaty.
|0 http://id.loc.gov/authorities/names/n78095330
|
| 830 |
|
0 |
|a Treaties and other international acts series ;
|v 19-1226.
|0 http://id.loc.gov/authorities/names/n84731555
|
| 856 |
4 |
0 |
|u https://purl.fdlp.gov/GPO/gpo137347
|t 0
|
| 999 |
f |
f |
|s c057f8a4-ca3b-3d69-aab2-2941544bd4b3
|i e0f77574-6df0-346f-b5da-9008dc8f7e1f
|t 0
|
| 952 |
f |
f |
|a Texas A&M University
|b College Station
|c Electronic Resources
|d Available Online
|t 0
|e S 9.10:19-1226
|h Superintendent of Documents classification
|
| 998 |
f |
f |
|a S 9.10:19-1226
|t 0
|l Available Online
|